MDQL
is popping MORE tags! Check the
thread
!
Quizzes
Events
Quiz Creation
Community
Videos
Private Events
Remove Ads
Sign In
Join for FREE
Feedback
Dark Mode
Quiz Categories
Sports
Geography
Music
Movies
Television
Just For Fun
Miscellaneous
History
Literature
Language
Science
Gaming
Entertainment
Religion
Holiday
For Kids
Quiz Lab
Recent
Popular Today
Quiz Kudos Today
Editor Picks
Curator Picks
Quizzes by...
Day
Popularity
Type
Ratings
Length
Year
Community
Subscriptions
Recent Discussions
Orange Saloon
Badges
Playlists
Quests
Create
Leaderboards
Showdown
Live 5
Trivia Bingo
Activity
Puzzle Library
Sporcle Events
Private Events
Virtual Trivia
Globe League
Become a Host
Pub Owners
SporcleCon
Opinionation
Our Games
Videos
Blog
Mobile Apps
Partnerships
Remove Ads and Go Orange
Feedback
Sports
Athletes
MLB
NBA
NHL
NFL
Soccer
Sports Teams
WWE
NCAA
Football
Premier League
Basketball
Baseball
Hockey
Golf
Tennis
Cricket
Rugby
Auto Racing
Olympics
World Cup
Sports
Athletes
MLB
NBA
NHL
NFL
Soccer
Sports Teams
WWE
NCAA
Football
Premier League
Basketball
Baseball
Hockey
Golf
Tennis
Cricket
Rugby
Auto Racing
Olympics
World Cup
Random Quiz
Search Sporcle
×
Quiz Lab
Quiz Lab
Sports
Athletes
Type in answers that appear in a list
Type in answers that appear in a list
Classic
Best Score? Go Orange.
Premier League Wigan Athletic Players (2005-2013) Stats
Can you name the Wigan Athletic players since their promotion to the Premier League in 2005/2006?
By
dPro
15m
112 Questions
540 Plays
540 Plays
540 Plays
Comments
Comments
Give Quiz Kudos
Give Quiz Kudos
-
- Ratings
hide this ad
Replay
Link that replays current quiz
Next Quiz
Link to next quiz in quiz playlist
You Got
0%
They Got
Avg Score
42%
Avg Friend Score
Upgrade to see
Score Distribution
Jump to the score distribution portion of the page
Score
0/112
Timer
15:00
0
Plays Today
Player
% Correct
Ali Al Habsi
87.8%
Chris Kirkland
84.8%
James McCarthy
82.2%
Mike Pollitt
81.9%
Emmerson Boyce
79.6%
James McArthur
79.4%
Leighton Baines
79.3%
Gary Caldwell
79.3%
Steven Caldwell
78.7%
Ben Watson
78.1%
Emile Heskey
77.8%
Maynor Figueroa
77.6%
Jason Roberts
77.4%
Hugo Rodallega
73.9%
Antonio Valencia
73%
Charles N'Zogbia
72.8%
Antolin Alcaraz
72.6%
Jimmy Bullard
72.2%
Franco Di Santo
72%
Callum McManaman
71.9%
Henri Camara
71.3%
Jordi Gomez
71.1%
Paul Scharner
69.3%
Victor Moses
68.5%
Wilson Palacios
68.5%
Shaun Maloney
67.6%
Arjan De Zeeuw
67.2%
Arouna Kone
65.6%
Amr Zaki
64.8%
John Filan
63.7%
Hendry Thomas
62.4%
Titus Bramble
61.5%
Pascal Chimbonda
60.4%
Joel Robles
58.3%
David Jones
55.7%
Ryan Taylor
55.6%
Roger Espinoza
55.5%
Lee McCulloch
55.2%
Player
% Correct
Mario Melchiot
54.8%
Mohamed Diame
54.4%
Denny Landzaat
54.1%
Lee Cattermole
52.6%
Michael Brown
51.7%
Tom Cleverley
50.9%
Gary Teale
49.8%
Marcus Bent
49.1%
Kevin Kilbane
49.1%
Marlon King
48%
Stephane Henchoz
47.8%
Matt Jackson
46.9%
David Unsworth
46.1%
Ronnie Stam
45.9%
Jean Beausejour
45.4%
Graham Kavanagh
42.2%
Conor Sammon
41.9%
Mido
41.9%
Ivan Ramis
41.5%
Jason Koumas
40.9%
David Thompson
39.6%
Steve Gohouri
38.3%
Erik Edman
37.8%
Mauro Boselli
37.4%
Fitz Hall
37.2%
Antoine Sibierski
35.9%
Andreas Johansson
35.2%
Angelo Henriquez
35.1%
Alan Mahon
34.8%
Jason Scotland
33.9%
Albert Crusat
33.7%
Damien Francis
31.7%
Scott Sinclair
30.9%
Daniel De Ridder
30.9%
Richard Kingson
30.6%
Roman Golobart
30.6%
Olivier Kapo
30%
Adiran Lopez Rodriguez
29.1%
Player
% Correct
Julius Aghahowa
27.4%
David Wright
27.4%
Andreas Granqvist
25.9%
Frasier Fyvie
25.7%
Reto Ziegler
25.6%
Neil Mellor
25.4%
Josip Skoko
25.2%
Caleb Folan
24.4%
David Connolly
22%
Vladimir Stojkovic
20.9%
Emerson Thome
19.8%
Patrick Van Aanholt
19.3%
Ryo Miyaichi
19.1%
Antonio Amaya
18.9%
Tomasz Cywka
18.7%
Lee Nicholls
18.7%
Cho Won-Hee
18.3%
David Cotterill
18.1%
Gary Walsh
17.8%
Jordan Mustoe
15.9%
Marcelo Moreno
15.9%
Daniel Redmond
14.6%
Svetoslav Todorov
14.3%
Carlo Nash
14.1%
Nouha Dicko
13.1%
Kristofer Hæstad
13.1%
Jordan Robinson
13.1%
Salomon Olembe
12.2%
Erik Hagen
11.7%
Andy Webster
11.5%
Tomasz Kupisz
11.1%
Lewis Montrose
7.6%
Steve McMillen
7%
Rachid Bouaouzan
6.9%
Luke Joyce
5.4%
Joey Waterhouse
4.4%
Quiz Playlist
Details
Report
Send in Message
Add To Playlist
Classic:
Type in answers that appear in a list
Last Updated: Feb 16, 2017
Quiz Scoreboard
CHALLENGE
Sign Up to Join the Scoreboard
Show All
Scores
Hide
Comments
May contain spoilers
Recently Published
Image Sorting: Flags VI
by Barbecue
Geography
2m
Find the 'City' Movie
by crazypaving
Movies
60s
Colored Red Africa Blitz
by spor1
Geography
45s
More to Explore
Quiz From the Vault
Featured Blog Post
14 Easter Pick-up Lines to Find Eggs With
hide this ad
You Might Also Like...
Tags
Athletes Quiz
Premier League Quiz
2000s
2005
2006
League
Player
Premier
promotion
Wigan
Wigan Athletic
Today's Top Quizzes in Sports
Browse Sports
hide this ad
Today's Top Quizzes in Athletes
Browse Athletes
Top Contributed Quizzes in Sports
1
Les meilleurs buteurs des matchs entre le PSG et l’OM
2
Les entraîneurs de l'OM et du PSG au 21e siècle
3
Les joueurs passés par le PSG et l'OM
4
2022 World Cup Stars
5
Players with Multiple 50 Home Run Seasons
6
Criteria MLB: Left Handed Sluggers
7
Les joueurs passés par le LOSC et le RC Lens
8
NBA Logic Puzzle 2.0
9
MLB Players with Two .350 Batting Average Seasons
10
FIFA Club World Cup Champions
Explore More
Trending Topics
Marvel
NBA
Harry Potter
Crossword
Kpop
Anime
Disney
Country
WWE
The Office
NFL
Puzzle
Song
Pokémon
Soccer
hide this ad
More By:
dPro
Quiz
Plays
Rating
Category
Featured
Created
Steven Gerrard's Liverpool Team Mates
1,753
4.67
Sports
Jun 13, 2013
Most appearances under José Mourinho (2004-present)
620
4.43
Sports
Jun 13, 2013
Premier League Wigan Athletic Players (2005-2013)
540
5.00
Sports
May 15, 2012
Go to Creator's Profile
Score Distribution
Quiz Creator Spotlight
dPro
Follow
Send a Message
Quizzes Created
-
Created Quiz Play Count
-
More By This Creator
Popular Quizzes Today
1
Colored Red Africa Blitz
2
Find the US States - No Outlines Minefield
3
Find the 'City' Movie
4
5x2 Blitz: Bands
5
The Countries of the World
6
Find the US States
7
Find the Countries of Europe - No Outlines Minefield
8
US States
More Sports Quizzes
MLB Catchers with a 15/15 Season
Editor's Pick
Trending Quizzes
Colored Red Europe Blitz I
Colored Red Europe Blitz II
Colored Red Africa Blitz II
Colored Red Europe Blitz III
Colored Red Africa Blitz III
Recently Updated
How Do You Spell That?
pecheneg
Godzilla Movies
pecheneg
Grab Bag: 4-10 Letters
pecheneg
2024 March Madness Bracket
pecheneg
Famous TV Couples
Peacemaker
Champions League XIs: Real Madrid
pecheneg
Largest US Cities 1790-2010
pecheneg
Rides in Walt Disney World
pecheneg
Most Oscar Losses (Acting)
pecheneg
Beyoncé Albums
pecheneg
Trending Topics
Anime
Marvel
Crossword
Harry Potter
NBA
Disney
Kpop
WWE
Soccer
Country
Song
Pokémon
Puzzle
The Office
NFL
Your Account Isn't Verified!
In order to create a playlist on Sporcle, you need to verify the email address you used during registration. Go to your
Sporcle Settings
to finish the process.
Report this User
Report this user for behavior that violates our
Community Guidelines
.
Details:
Send Report
Go to the Sporcle.com Mobile Site →
Comments